| 000 | 00485nam a2200157Ia 4500 | ||
|---|---|---|---|
| 008 | 210716s2002 xx 000 0 und d | ||
| 020 | _a9780195671124 | ||
| 041 | _aeng | ||
| 082 | _a658.406 SIKS | ||
| 100 | _aSikdar, Soumyen. | ||
| 245 |
_aContemporary issues in globalization: introduction to theory and policy in India. _bIntroduction to theory and policy in India. |
||
| 250 | _a1 | ||
| 260 |
_aNew Delhi _bOxford University Press _c2002 |
||
| 300 | _axix,201 | ||
| 650 | _aNone | ||
| 999 |
_c201479 _d201479 |
||